[Event "Baku Open A"]
[Site "Baku AZE"]
[Date "2011.08.12"]
[Round "7"]
[White "Cheparinov, Ivan"]
[Black "Guliev, Sarhan"]
[Result "0-1"]
[WhiteTitle "GM"]
[BlackTitle "GM"]
[WhiteElo "2669"]
[BlackElo "2500"]
[WhiteFideId "2905540"]
[BlackFideId "13400231"]
[EventDate "2011.08.06"]

1. e4 e5 2. f4 exf4 3. Bc4 d5 4. exd5 Nf6 5. Nf3 Nxd5 6. Bxd5 Qxd5 7. Nc3 Qh5 8.
d4 Bb4 9. O-O O-O 10. Bxf4 Bxc3 11. bxc3 Be6 12. Qd3 b5 13. Rfe1 Nd7 14. Bxc7
Qd5 15. Re3 Rfc8 16. Bg3 f6 17. Rae1 Nf8 18. Qe2 Rc6 19. Nd2 b4 20. Ne4 bxc3 21.
Bf2 Qxa2 22. Nxc3 Qa5 23. Ne4 Bc4 24. Qf3 Qd5 25. Nc3 Qxf3 26. gxf3 Bf7 27. d5
Rc4 28. d6 a5 29. Nb5 Rxc2 30. Re7 Rb2 31. Nd4 a4 32. Nc6 Rd2 33. Rc7 a3 34.
Ne7+ Kh8 35. Nc8 Be6 36. Nb6 Rd8 37. d7 Bxd7 38. Ra7 a2 39. Nxd7 Nxd7 40. Be3
Rc2 41. Rc1 Rxc1+ 42. Bxc1 Ne5 43. Kg2 h5 44. Rxa2 Rd3 45. Bf4 Nxf3 0-1

[Event "Baku Open A"]
[Site "Baku AZE"]
[Date "2011.08.12"]
[Round "7"]
[White "Sanikidze, Tornike"]
[Black "Iordachescu, Viorel"]
[Result "1/2-1/2"]
[WhiteTitle "GM"]
[BlackTitle "GM"]
[WhiteElo "2525"]
[BlackElo "2646"]
[WhiteFideId "13602608"]
[BlackFideId "13900200"]
[EventDate "2011.08.06"]

1. d4 Nf6 2. c4 e6 3. Nc3 Bb4 4. Qc2 O-O 5. a3 Bxc3+ 6. Qxc3 b5 7. cxb5 c6 8.
Bg5 cxb5 9. e3 Bb7 10. Nf3 h6 11. Bh4 g5 12. Bg3 Nc6 13. Nd2 Rc8 14. Qd3 Na5 15.
h4 g4 16. Qxb5 Ne4 17. Nxe4 Bxe4 18. Be2 f5 19. O-O a6 20. Qb4 Rc2 21. Bxa6 f4
22. exf4 Bxg2 23. Kxg2 Qa8+ 24. Kg1 Qxa6 25. Rac1 Nc6 26. Qd6 Rd2 27. Rfd1 Rxd1+
28. Rxd1 Qe2 29. Rc1 Qe4 30. Rc4 Qe2 31. b3 Qd1+ 32. Kh2 Qxb3 33. Rc5 Qd3 34.
Rxc6 dxc6 35. Qxe6+ Rf7 36. Qe8+ Kg7 37. Qxc6 Qxd4 38. Qe6 Qd7 39. Qe5+ Kh7 40.
Qe4+ Qf5 41. Qe8 h5 42. a4 Ra7 43. Qb8 Rd7 44. Qe8 Ra7 45. Qb8 Re7 46. Qd6 Rd7
47. Qc6 Qd5 48. Qc2+ Qd3 49. Qc5 Qd5 50. Qc2+ Kg7 51. Qc3+ Kf7 52. Qc2 Qd3 53.
Qc5 Qd5 54. Qc2 Re7 55. Qh7+ Ke8 56. Qg6+ Rf7 57. Qb6 Rf5 58. Qc7 Qc5 59. Qh7
Kd8 60. Kg1 Kc8 61. Kh2 Kb8 62. Qd7 Ka8 63. Qh7 Qd5 64. Qc7 Qc5 65. Qd7 Kb8 66.
Qh7 Qd5 67. Qe7 Kc8 68. Kg1 Qd1+ 69. Kh2 Qxa4 70. Qe6+ Qd7 71. Qa6+ Kd8 72. Qg6
Qd5 73. Qg7 Qf7 74. Qd4+ Rd5 75. Qb6+ Ke8 76. Qb8+ Ke7 77. Qc7+ Kf8 78. Qc8+ Kg7
79. Qc3+ Kh7 80. Qc2+ Qf5 81. Qc7+ Rd7 82. Qc8 Kg7 83. Qc3+ Kf7 84. Qc4+ Rd5 85.
Qc6 Qd7 86. Qh6 Qe6 87. Qh7+ Ke8 88. Qh8+ Kd7 89. Qb8 Qc6 90. Qb1 Rc5 1/2-1/2

[Event "Baku Open A"]
[Site "Baku AZE"]
[Date "2011.08.12"]
[Round "7"]
[White "Volkov, Sergey"]
[Black "Idani, Pouya"]
[Result "1-0"]
[WhiteTitle "GM"]
[BlackTitle "FM"]
[WhiteElo "2607"]
[BlackElo "2406"]
[WhiteFideId "4122763"]
[BlackFideId "12510130"]
[EventDate "2011.08.06"]

1. d4 Nf6 2. c4 e6 3. Nf3 b6 4. g3 Bb4+ 5. Bd2 Be7 6. Bg2 c6 7. Bf4 O-O 8. Nbd2
d5 9. Rc1 Bb7 10. O-O Nbd7 11. h3 Nh5 12. cxd5 cxd5 13. Bc7 Qe8 14. g4 Nhf6 15.
g5 Ne4 16. Nxe4 dxe4 17. Nd2 Bxg5 18. Bd6 Be7 19. Bxe7 Qxe7 20. Rc7 Bd5 21. Nxe4
f5 22. Ng3 f4 23. Ne4 Qd8 24. Rc3 Nf6 25. Qc2 Nxe4 26. Bxe4 Qg5+ 27. Kh2 f3 28.
Bxf3 Bxf3 29. Rxf3 Rxf3 30. exf3 Qf4+ 31. Kg2 Qg5+ 32. Kh1 Qh4 33. Qc6 Qxh3+ 34.
Kg1 Rf8 35. Re1 Rxf3 36. Rxe6 Qg4+ 37. Kf1 Rf8 38. Qd5 Kh8 39. Qe4 Qd1+ 40. Kg2
Qd2 41. Qe3 Qa5 42. Re8 Qd5+ 43. Kg1 Rxe8 44. Qxe8+ Qg8 45. Qe5 Qc8 46. Kh2 Kg8
47. d5 Kf7 48. Qh5+ Kf6 49. Qxh7 Qc4 50. Qh5 Qxa2 51. Qh4+ Kf7 52. Qf4+ Ke7 53.
Qe5+ Kf7 54. Qc7+ Kf6 55. d6 Qxb2 56. Qe7+ Kg6 57. Qe8+ Kf6 58. Qe7+ Kg6 59. Qe3
Qb5 60. Qe6+ Kh7 61. d7 Qg5 62. Qe3 Qd8 63. Qe6 a5 64. Kh3 Qa8 65. Kg3 Qd8 66.
f4 1-0

[Event "Baku Open A"]
[Site "Baku AZE"]
[Date "2011.08.12"]
[Round "7"]
[White "Abdulov, Orkhan Javanshir oglu"]
[Black "Gagunashvili, Merab"]
[Result "1/2-1/2"]
[BlackTitle "GM"]
[WhiteElo "2377"]
[BlackElo "2588"]
[WhiteFideId "13402714"]
[BlackFideId "13601652"]
[EventDate "2011.08.06"]

1. e4 c5 2. c3 d5 3. exd5 Qxd5 4. d4 e6 5. Nf3 Nf6 6. Na3 Be7 7. Nb5 Na6 8. Be2
O-O 9. O-O Bd7 10. c4 Qc6 11. Ne5 Qc8 12. Nxd7 Qxd7 13. dxc5 Nxc5 14. Qc2 a6 15.
Rd1 Qc8 16. Nc3 Qc7 17. Be3 Rfd8 18. Rxd8+ Rxd8 19. Rd1 Rxd1+ 20. Qxd1 Ncd7 21.
g3 Bc5 22. Qd2 h6 23. a3 Bxe3 24. Qxe3 b6 25. b4 1/2-1/2

[Event "Baku Open A"]
[Site "Baku AZE"]
[Date "2011.08.12"]
[Round "7"]
[White "Zhukova, Natalia"]
[Black "Abbasov, Farid"]
[Result "0-1"]
[WhiteTitle "GM"]
[BlackTitle "GM"]
[WhiteElo "2412"]
[BlackElo "2529"]
[WhiteFideId "14101513"]
[BlackFideId "13400665"]
[EventDate "2011.08.06"]

1. d4 g6 2. c4 d6 3. e4 Bg7 4. Nc3 Nc6 5. Be3 e5 6. Nge2 exd4 7. Nxd4 Nge7 8. h4
f5 9. Nxc6 Nxc6 10. Qd2 Be6 11. h5 Rf8 12. hxg6 hxg6 13. O-O-O Qf6 14. Bg5 Qf7
15. exf5 Qxf5 16. Nb5 Kd7 17. Rh7 Rf7 18. Bd3 Qe5 19. Bxg6 Rxf2 20. Qxf2 Qxg5+
21. Qd2 Qxg6 22. Nxc7 Kxc7 23. Qxd6+ Kb6 24. Rxg7 Qxg7 25. c5+ Ka6 26. Qxe6 Qg5+
27. Kb1 Qxc5 28. a3 Rf8 29. Rd5 Rf1+ 0-1

[Event "Baku Open A"]
[Site "Baku AZE"]
[Date "2011.08.13"]
[Round "8"]
[White "Mchedlishvili, Mikheil"]
[Black "Sanikidze, Tornike"]
[Result "1-0"]
[WhiteTitle "GM"]
[BlackTitle "GM"]
[WhiteElo "2618"]
[BlackElo "2525"]
[WhiteFideId "13600966"]
[BlackFideId "13602608"]
[EventDate "2011.08.06"]

1. c4 Nf6 2. Nc3 d5 3. cxd5 Nxd5 4. Nf3 g6 5. Qc2 Bg7 6. e4 Nb6 7. d4 Bg4 8. Ne5
Be6 9. Be3 O-O 10. O-O-O N8d7 11. d5 Nxe5 12. dxe6 Qe8 13. Nb5 fxe6 14. Nxc7 Qb8
15. Nxa8 Rc8 16. Rd8+ Rxd8 17. Nxb6 axb6 18. Kb1 Qd6 19. Be2 Nc6 20. Bc4 Nd4 21.
Qd3 Kh8 22. f4 e5 23. g3 e6 24. Rd1 Qc7 25. Qc3 Qd6 26. Qe1 Qc7 27. Qf1 exf4 28.
gxf4 Qc6 29. e5 Qe4+ 30. Qd3 Qxd3+ 31. Rxd3 Nc6 32. Rxd8+ Nxd8 33. Bxb6 Nc6 34.
Bxe6 Bh6 35. Bc8 Bxf4 36. e6 Bxh2 37. Bxb7 Ne7 38. a4 Kg7 39. Bd4+ Kf8 40. a5
Nf5 41. a6 1-0

[Event "Baku Open A"]
[Site "Baku AZE"]
[Date "2011.08.13"]
[Round "8"]
[White "Guliev, Sarhan"]
[Black "Romanov, Evgeny"]
[Result "1-0"]
[WhiteTitle "GM"]
[BlackTitle "GM"]
[WhiteElo "2500"]
[BlackElo "2624"]
[WhiteFideId "13400231"]
[BlackFideId "4148843"]
[EventDate "2011.08.06"]

1. d4 Nf6 2. c4 g6 3. Nc3 c5 4. d5 Bg7 5. e4 d6 6. Be2 O-O 7. Nf3 e6 8. O-O exd5
9. exd5 a6 10. a4 b6 11. h3 h6 12. Bd3 Ra7 13. Re1 Nh5 14. g4 Nf6 15. Nh2 Nh7
16. Ra3 f5 17. gxf5 Bxf5 18. Bxf5 Rxf5 19. Ne4 Nf8 20. f4 Re7 21. Kg2 a5 22. Nf1
Na6 23. Nfg3 Rff7 24. h4 Nb4 25. h5 Qd7 26. Rh1 gxh5 27. Rxh5 Nh7 28. f5 Nf6 29.
Nxf6+ Rxf6 30. Rf3 Qe8 31. Bd2 Rff7 32. Bc3 Re3 33. f6 Nd3 34. Rhf5 Ne1+ 35.
Bxe1 Rxe1 36. Qc2 Bf8 37. R5f4 Kh8 38. Qg6 h5 39. Rf5 Rh7 40. f7 Re2+ 41. Kh3 1-0

[Event "Baku Open A"]
[Site "Baku AZE"]
[Date "2011.08.13"]
[Round "8"]
[White "Iordachescu, Viorel"]
[Black "Najer, Evgeniy"]
[Result "1-0"]
[WhiteTitle "GM"]
[BlackTitle "GM"]
[WhiteElo "2646"]
[BlackElo "2643"]
[WhiteFideId "13900200"]
[BlackFideId "4118987"]
[EventDate "2011.08.06"]

1. e4 e6 2. d4 d5 3. Nc3 Nf6 4. Bg5 dxe4 5. Nxe4 Be7 6. Bxf6 gxf6 7. Qd3 f5 8.
Nc3 Qd6 9. O-O-O Nd7 10. g3 Nf6 11. Nf3 Bd7 12. Ne5 Bc6 13. Nxc6 bxc6 14. Bg2
Rb8 15. Na4 O-O 16. c3 Nd5 17. Rd2 Kh8 18. Re1 Rg8 19. f4 a5 20. Bf3 Qd7 21. Qc2
Rgd8 22. Ree2 Kg8 23. a3 Qe8 24. Kd1 Nb6 25. Nxb6 cxb6 26. g4 fxg4 27. Bxg4 Bf6
28. Rd3 Kf8 29. Rg3 Ke7 30. Qxh7 Kd6 31. Kc1 Qe7 32. Qe4 Kc7 33. f5 Rd6 34. fxe6
fxe6 35. Rh3 Rg8 36. Rh7 Rg7 37. Rxg7 Qxg7 38. h3 c5 39. dxc5 Qg5+ 40. Kc2 Qxc5
41. Bxe6 b5 42. Qe3 Bd4 43. Qg3 b4 44. Re4 bxc3 45. bxc3 Kb6 46. Rxd4 Rxe6 47.
Qb8+ Ka6 48. Qa8+ Kb6 49. Qd8+ Ka6 50. Qd5 Qxd5 51. Rxd5 Rh6 52. Rd3 Kb5 53. Kb3
a4+ 54. Kc2 Rh5 55. Rg3 Kc5 56. Kd3 Rd5+ 57. Kc2 Rh5 58. Rd3 Rh8 59. Rf3 Kb5 60.
Kd3 Rd8+ 61. Kc2 Rh8 62. Rg3 Kc5 63. Kd3 Rd8+ 64. Kc2 Rh8 65. Re3 Kb5 66. Kd3
Rd8+ 67. Kc2 Rh8 68. Rg3 Kc5 69. Rg5+ Kb6 70. Rg4 Rxh3 71. Rxa4 Rh2+ 72. Kb3 Rh1
73. Rg4 Rb1+ 74. Kc4 Rh1 75. Rg6+ Kb7 76. a4 Rh4+ 77. Kb5 Rh5+ 78. Kb4 Rh4+ 79.
c4 Rh5 80. Rd6 Rg5 81. a5 Rh5 82. Rd5 Rh1 83. Kc5 Rh7 84. Rd6 Rh1 85. Rb6+ Ka7
86. Re6 Rh5+ 87. Kb4 Rh1 88. Rg6 Rf1 89. Kb5 Rb1+ 90. Kc6 Ra1 91. Rg7+ Ka6 92.
Rg8 Ka7 93. Kb5 Rb1+ 94. Kc5 Rh1 95. Rg6 Kb7 96. Rb6+ Ka7 97. Kb5 Rd1 98. c5
Rb1+ 99. Kc4 Rc1+ 100. Kd5 Rd1+ 101. Ke6 Rh1 102. c6 Rh6+ 103. Kd7 Rh7+ 104. Kd6
Rh6+ 105. Kc5 Rh5+ 106. Kb4 Rh4+ 107. Kb3 Rh3+ 108. Ka4 Rh1 109. Rb7+ Ka6 110.
Rb6+ Ka7 111. Rb3 Ka6 112. Rc3 Rh4+ 113. Kb3 Rh8 114. Kb4 Rh4+ 115. Rc4 Rh8 116.
Rg4 Ka7 117. Rd4 Ka6 118. Kc5 Ka7 119. Rd7+ Ka6 120. c7 Kb7 121. a6+ Kxa6 122.
Rd8 Rh5+ 123. Kd4 Rh4+ 124. Ke3 1-0

[Event "Baku Open A"]
[Site "Baku AZE"]
[Date "2011.08.13"]
[Round "8"]
[White "Mamedov, Rauf"]
[Black "Mammadov, Zaur Fazahir Oglu"]
[Result "1-0"]
[WhiteTitle "GM"]
[BlackTitle "IM"]
[WhiteElo "2679"]
[BlackElo "2325"]
[WhiteFideId "13401653"]
[BlackFideId "13401033"]
[EventDate "2011.08.06"]

1. g3 d5 2. Bg2 Nf6 3. d3 c6 4. Nd2 g6 5. e4 dxe4 6. dxe4 Bg7 7. Qe2 e5 8. Ngf3
Nbd7 9. b3 O-O 10. Bb2 Qc7 11. Nc4 Re8 12. Rd1 Bf8 13. h4 b5 14. Ncd2 a5 15. O-O
Ba6 16. Rfe1 Bc5 17. Bh3 Nf8 18. Kg2 Bc8 19. Bxc8 Raxc8 20. Nh2 Nh5 21. Ng4 f6
22. Nf3 Ne6 23. Bc1 Rcd8 24. a4 Qb7 25. Rxd8 Rxd8 26. Rd1 Rd7 27. Bd2 Bb4 28.
Kh2 Bxd2 29. Rxd2 Nc5 30. Qe3 Rxd2 31. Nxd2 Ne6 32. Qd3 bxa4 33. bxa4 Qc7 34.
Qc4 Kf7 35. Nb3 Qb6 36. Qc3 Ke7 37. Nxa5 Qc5 38. Qd2 Nd4 39. Kh3 Qxc2 40. Qb4+
Ke6 41. Nc4 Qc1 42. Qd6+ Kf7 43. Ncxe5+ fxe5 44. Nxe5+ 1-0

[Event "Baku Open A"]
[Site "Baku AZE"]
[Date "2011.08.13"]
[Round "8"]
[White "Mammadov, Ayaz Arzu oglu"]
[Black "Volkov, Sergey"]
[Result "0-1"]
[WhiteTitle "FM"]
[BlackTitle "GM"]
[WhiteElo "2382"]
[BlackElo "2607"]
[WhiteFideId "13402579"]
[BlackFideId "4122763"]
[EventDate "2011.08.06"]

1. d4 d5 2. Nf3 c6 3. Bf4 Qb6 4. Qc1 Bf5 5. e3 e6 6. Be2 Nf6 7. Nbd2 h6 8. h3
Nbd7 9. O-O c5 10. c3 Rc8 11. Ne5 Be7 12. Bg3 O-O 13. Re1 Nxe5 14. Bxe5 Rfd8 15.
Nb3 Nd7 16. dxc5 Nxc5 17. Nxc5 Qxc5 18. Rd1 f6 19. Bg3 b5 20. Bd3 Bxd3 21. Rxd3
b4 22. Qd1 a5 23. f3 Qb5 24. cxb4 Bxb4 25. Qe2 Rc4 26. a3 Be7 27. Be1 Rdc8 28.
Rc3 a4 29. Rxc4 Qxc4 30. Qxc4 Rxc4 31. Bc3 f5 32. Kf2 f4 33. Ke2 Bf6 34. Kd3
fxe3 35. Bxf6 gxf6 36. Re1 Kf7 37. Rxe3 e5 38. Re2 Rc1 39. Rc2 Rg1 40. Kc3 f5
41. b3 d4+ 42. Kb4 d3 43. Rb2 Rc1 44. bxa4 e4 45. a5 e3 0-1

[Event "Baku Open A"]
[Site "Baku AZE"]
[Date "2011.08.13"]
[Round "8"]
[White "Sharbaf, Mohsen"]
[Black "Cheparinov, Ivan"]
[Result "1/2-1/2"]
[WhiteTitle "IM"]
[BlackTitle "GM"]
[WhiteElo "2402"]
[BlackElo "2669"]
[WhiteFideId "12501808"]
[BlackFideId "2905540"]
[EventDate "2011.08.06"]

1. e4 c5 2. Nf3 d6 3. d4 cxd4 4. Nxd4 Nf6 5. Nc3 a6 6. Bc4 e6 7. Bb3 Nbd7 8. f4
Nc5 9. e5 dxe5 10. fxe5 Nfd7 11. Bf4 b5 12. Qe2 Bb7 13. O-O-O Qb6 14. Rhf1 Be7
15. Qg4 O-O-O 16. Bg3 Rhf8 1/2-1/2

[Event "Baku Open A"]
[Site "Baku AZE"]
[Date "2011.08.14"]
[Round "9"]
[White "Ibrahimov, Rasul"]
[Black "Mamedov, Rauf"]
[Result "0-1"]
[WhiteTitle "GM"]
[BlackTitle "GM"]
[WhiteElo "2547"]
[BlackElo "2679"]
[WhiteFideId "13400495"]
[BlackFideId "13401653"]
[EventDate "2011.08.06"]

1. c4 g6 2. d4 Bg7 3. g3 d6 4. Bg2 Nd7 5. Nc3 e5 6. Nf3 exd4 7. Nxd4 Ne7 8. O-O
O-O 9. e3 a6 10. Rb1 Rb8 11. a3 Ne5 12. b3 c5 13. Nde2 b5 14. cxb5 axb5 15. a4
c4 16. b4 bxa4 17. Qxa4 Bf5 18. e4 Bg4 19. Be3 Qc8 20. b5 Rd8 21. Nd4 Nd3 22. f3
Bd7 23. Kh1 Re8 24. Bg1 h5 25. h4 d5 26. Nxd5 Nxd5 27. exd5 Bxd4 28. Bxd4 Re2
29. Qd1 Qe8 30. f4 Rxg2 31. Kxg2 Qe4+ 32. Qf3 Qxd4 0-1

[Event "Baku Open A"]
[Site "Baku AZE"]
[Date "2011.08.14"]
[Round "9"]
[White "Romanov, Evgeny"]
[Black "Mchedlishvili, Mikheil"]
[Result "1/2-1/2"]
[WhiteTitle "GM"]
[BlackTitle "GM"]
[WhiteElo "2624"]
[BlackElo "2618"]
[WhiteFideId "4148843"]
[BlackFideId "13600966"]
[EventDate "2011.08.06"]

1. e4 e5 2. Nf3 Nf6 3. Nxe5 d6 4. Nf3 Nxe4 5. Qe2 Qe7 6. d3 Nf6 7. Bg5 Qxe2+ 8.
Bxe2 Be7 9. Nc3 c6 10. O-O Nbd7 1/2-1/2

[Event "Baku Open A"]
[Site "Baku AZE"]
[Date "2011.08.14"]
[Round "9"]
[White "Cheparinov, Ivan"]
[Black "Zhukova, Natalia"]
[Result "1-0"]
[WhiteTitle "GM"]
[BlackTitle "GM"]
[WhiteElo "2669"]
[BlackElo "2412"]
[WhiteFideId "2905540"]
[BlackFideId "14101513"]
[EventDate "2011.08.06"]

1. d4 d5 2. Nf3 Nf6 3. c4 c6 4. e3 a6 5. Nc3 e6 6. b3 c5 7. Bb2 Nc6 8. cxd5 exd5
9. Be2 Be6 10. O-O Bd6 11. dxc5 Bxc5 12. Rc1 Qe7 13. Na4 Bd6 14. Nd4 Nxd4 15.
Qxd4 O-O 16. Nc5 Rac8 17. Nd3 Ba3 18. Nf4 Bxb2 19. Qxb2 h6 20. Bd3 Rfd8 21. h3
Nd7 22. Rfd1 Qf6 23. Qxf6 Nxf6 24. f3 Kf8 25. Kf2 Ke7 26. g4 Rxc1 27. Rxc1 Rc8
28. Rd1 Rc5 29. h4 Ne8 30. Ne2 Nd6 31. Nd4 Rc3 32. Ke1 Bd7 33. Kd2 Rc5 34. Rg1
Ra5 35. a4 Rc5 36. g5 hxg5 37. Rxg5 g6 38. e4 Rc8 39. Re5+ Kf6 40. Rxd5 Ke7 41.
h5 gxh5 42. Rxh5 Ne8 43. e5 Nc7 44. Be4 b5 45. a5 b4 46. Rh6 Nb5 47. Nxb5 Bxb5
48. Rb6 Rc3 49. Rxb5 axb5 50. a6 1-0